000 01746nam1a2200325 4500
001 RU\NLR\BIBL_A\022820092
005 20260615151811.0
010 _a978-5-696-05588-6
035 _a(NLR Aleph) 022820092
090 _a13731942
_c13731942
100 _a20260528g20259999k y0rusy50 ca
101 0 _arus
102 _aRU
105 _a z
181 0 _ai
_baxxe
182 0 _an
200 1 _aПроблемы экономической безопасности в условиях многополярности современного мира
_eмонография
_eв двух частях
_fМинистерство науки и высшего образования Российской Федерации, Южно-Уральский государственный университет, Кафедра "Экономическая безопасность"
_gпод редакцией А. В. Карпушкиной
203 _aТекст
_bвизуальный
_cнепосредственный
210 _aЧелябинск
_cИздательский центр ЮУрГУ
_d2025-
215 _d22
606 1 _aЭкономическая безопасность
_91557922
_3RU\NLR\AUTH\66681123
686 1 _aУ5-971
702 1 _4340
_7ca
_8rus
_aКарпушкина
_bА. В.
_gАнжела Викторовна
_973227
_3RU\NLR\AUTH\7790300
712 0 2 _4570
_aЮжно-Уральский государственный университет
_bКафедра "Экономическая безопасность"
_cЧелябинск
_9640683
_3RU\NLR\AUTH\880490123
852 _aNLR
_j2026-5/4774
942 _cBOOK
980 _aNB